000 00292nam a22001217a 4500
020 _aNA
082 _222
_a621.3678
100 _aNarayan, C. R. A.
245 _aRemote sensing and its applications /
260 _aIndia,
_bUniversity Press,
_cc2001.
300 _a0
_bill. ;
942 _2ddc
_cCIVIL
999 _c1490
_d1490